1365 1838 1009 1680 1925 1418 1990 1866 1392 1976 1878 1914 1366 1953 1680 1797 1610 1182 1823 1459 1346 1666 1251 1525 1423 1492 1869 1449 1185 1824 1328 1911 1254 1557 1956 1825 1893 1638 1021 1787 1664 1746 1685 1766 1597 1736 1210 1862 1740 1542 1435 1998 1857 1472 1799 1323 1538 1994 1263 1093 1349 1784 1476 1024 1064 1911 1933 1828 1544 1667 1559 1805 1057 1319 1558 1180 1242 1466 1610 1933 1056 1174 1752 1777 1301 1638 1433 1958 1241 1812 1690 1707 1957 1649 1664 1241 1426 1709 1418 BCNSPRNW ULIB Ver.6.0+V

เปลี่ยนเป็นภาษาไทย

Change to English
 แสดงรายละเอียดบรรณานุกรม
  กลับหน้าหลัก

Brief Record : Get Marc (ISO 2709) : E-mail record : QR code < ปิดหน้าต่าง
LEADER : 00000nam 2200000uu 4500
001    13399108513
003     ULIB
008    110306s2552||||th 000 0 tha d
020    9786165310451
060  4 QV766^bบ192ม 2552
110 1  แบงค์คอกบุ๊คส์
245 00 มะรุม:พืชมหัศจรรย์ขจัดมะเร็ง/^cบรรหาร ทินประบุตร,บรรณาธิการ
260    กรุงเทพฯ:^bแบงค์คอกบุ๊คส์,^c2552
300    63 หน้า:^bภาพประกอบ
650  7 มะรุม
650  7 มะเร็ง
945    ^p59^l0^i027663
945    ^p59^l0^i027662
995    ทศพร
999 ^a ใช้งานได้ทุกระบบ
รายการนี้ยังไม่มีแท็ก
คุณยังไม่ได้ล็อกอิน คุณสามารถมีกิจกรรมร่วมกับเว็บไซต์ได้ แต่ต้องล็อกอินก่อน ::
  ล็อกอิน

รายการสื่อสารสนเทศ

ลำดับที่ ประเภท เลขเรียก/บาร์โค้ด สถานที่ สถานะ
- ไม่พบข้อมูล -

รายการใกล้เคียง
    หัวเรื่อง [มะรุม]
    หัวเรื่อง [มะเร็ง]

BibComment


ยังไม่เคยถูกคอมเมนท์

คอมเมนท์ทรัพยากรรายการนี้
  คอมเมนท์: มะรุมพืชมหัศจรรย์..


 Copyright 2026. Bcnsprnw @Library